000 00477nam a2200181 a 4500
001 1770730792442
003 YourLibrary
005 20260210191221.0
008 260210s2006##################000#0#eng##
020 _a9780333776193
082 0 4 _a306.461
_bTWI
100 1 _aTwigg, Julia,
_eauthor.
245 1 0 _aThe Body in Health and Social Care :
260 _bRed Globe Press,
_c2006.
650 0 _aEducation.
942 _cENGLISH
040 _aYourLibrary
_beng
_cYourLibrary
999 _c611551
_d611551